000 00624nam a2200181Ia 4500
008 100920s9999 xx 000 0 und d
082 _b58417
_a24 थ 92
100 _aकोपर्डे प्रमोद मनोहर.
245 _aदिशान्ताची वाट.
260 _bशब्दालय प्रकाशन, श्रीरामपूर.
_c1992
300 _a129
_bसाधी
365 _b40
520 _aसायो.
630 _aदिशान्ताची वाट.
650 _aसायो.
730 _aदिशान्ताची वाट.
942 _cBOOK
999 _c702115
_d702112